| Tag |
First Indicator |
Second Indicator |
Subfields |
| LEADER |
00000cam a2200000 a 4500 |
| 001 |
in00000030997 |
| 005 |
20151007054925.0 |
| 008 |
870617s1988 cau b s00100 eng |
| 010 |
|
|
|a 87013739
|
| 020 |
|
|
|a 0520060415 (alk. paper)
|
| 035 |
|
|
|a (OCoLC)16131284
|
| 035 |
|
|
|9 AAB6670AM
|
| 040 |
|
|
|a DLC
|c DLC
|d TXA
|d UtOrBLW
|
| 043 |
|
|
|a a-ii---
|
| 049 |
|
|
|a TXAM
|c [A11503092]
|
| 050 |
0 |
0 |
|a JQ298.I5
|b C616 1988
|
| 082 |
0 |
|
|a 324.254/03/09
|2 19
|
| 245 |
0 |
0 |
|a Congress and Indian nationalism :
|b the pre-independence phase /
|c edited by Richard Sisson and Stanley Wolpert.
|
| 264 |
|
1 |
|a Berkeley :
|b University of California Press,
|c [1988]
|
| 264 |
|
4 |
|c ©1988
|
| 300 |
|
|
|a x, 420 pages ;
|c 24 cm.
|
| 336 |
|
|
|a text
|b txt
|2 rdacontent
|
| 337 |
|
|
|a unmediated
|b n
|2 rdamedia
|
| 338 |
|
|
|a volume
|b nc
|2 rdacarrier
|
| 500 |
|
|
|a Revised versions of papers presented at an international conference, held in March 1984 at the University of California, Los Angeles.
|
| 504 |
|
|
|a Includes bibliographies and index.
|
| 536 |
|
|
|a Dr. Paul P. Van Riper Collection, Department of Political Science.
|
| 610 |
|
0 |
|a Indian National Congress
|x History.
|
| 650 |
|
0 |
|a Nationalism
|z India
|x History.
|
| 651 |
|
0 |
|a India
|x Politics and government
|y 1857-1919.
|
| 651 |
|
0 |
|a India
|x Politics and government
|y 1919-1947.
|
| 700 |
1 |
|
|a Sisson, Richard,
|d 1936-
|
| 700 |
1 |
|
|a Wolpert, Stanley A.,
|d 1927-
|
| 999 |
|
|
|a MARS
|
| 999 |
f |
f |
|s 38166c4d-2414-3c7a-aa06-f56410aee47f
|i c24a2814-b81a-3ed6-98ec-6906f612aa3e
|t 0
|
| 952 |
f |
f |
|p ric
|a Texas A&M University
|b Rellis Campus
|c Joint Library Facility
|d Remote Storage
|t 0
|e JQ298.I5 C616 1988
|h Library of Congress classification
|i unmediated -- volume
|m A14811503092
|
| 998 |
f |
f |
|a JQ298.I5 C616 1988
|t 0
|l Remote Storage
|